000
00311nam a22001217a 4500
008
160420b xxu||||| |||| 00| 0 eng d
020
_a
9781451185614
020
_a
1451185618
041
_a
eng
080
_a
618.2
245
1
0
_a
Fundamentals of Norsing :
_c
Karol Taylor;Carol Lillis;Pamela Lynn;
942
_2
udc
_c
BK
999
_c
1463
_d
1463